Landscape Development For Kalapani Lake Chikhaldara (Record no. 364563)

MARC details
000 -LEADER
fixed length control field 00350nam a2200121Ia 4500
008 - FIXED-LENGTH DATA ELEMENTS--GENERAL INFORMATION
fixed length control field 250110s9999 xx 000 0 und d
041 ## - LANGUAGE CODE
Language code of text/sound track or separate title eng
100 ## - MAIN ENTRY--PERSONAL NAME
Personal name Gawande Vaishnavi
9 (RLIN) 184146
245 ## - TITLE STATEMENT
Title Landscape Development For Kalapani Lake Chikhaldara
260 ## - PUBLICATION, DISTRIBUTION, ETC. (IMPRINT)
Name of publisher, distributor, etc. BNCA M Arch LA, Pune
Date of publication, distribution, etc. 2020
300 ## - PHYSICAL DESCRIPTION
Extent 80p
700 ## - ADDED ENTRY--PERSONAL NAME
Personal name Guide Name:Shand Nidhi
9 (RLIN) 210943
Holdings
Withdrawn status Lost status Damaged status Not for loan Home library Current library Date acquired Total Checkouts Barcode Date last seen Bill Date Koha item type Original Barcode
        Dr. Bhanuben Nanavati College of Architecture Dr. Bhanuben Nanavati College of Architecture 16/08/2021   BNCA-PR-2063 10/01/2025 10/01/2025 Project Reports PR2063